000 00823nam a2200193Ia 4500
008 151121s9999||||xx |||||||||||||| ||und||
082 _a330/जाधव
082 _bHNW-61885
100 _aजाधव नरेंद्र
245 _aडॉ। आंबेडकर आर्थिक विचार आणि तत्वज्ञान
260 _b"सुगावा प्रकाशन, पुणे।"
260 _c--
300 _a118
600 _aजाधव नरेंद्र
630 _aडॉ। आंबेडकर आर्थिक विचार आणि तत्वज्ञान
700 _aजाधव नरेंद्र
730 _aडॉ। आंबेडकर आर्थिक विचार आणि तत्वज्ञान
942 _cBOOK
999 _c1243428
_d1243425